00601pam a2200169 a 4500008004100000100002900041245013700070260006000207300004100267500002000308650002600328700002600354700002400380003000100404005001700405040000900422 1 aHighland, Esther Harris.10aBusiness mathematics :bintemediate certificate of insurance studies, Course Number 2120 /cThe Insurance Institute Of South Africa. aJohannesburg :bThe institute of South Africal,cc1997. a(various pangings) :bill. ;c30 cm. aIncludes index. 0aBusiness mathematics.1 aRosenbaum, Roberta S.1 aPeselnick, Charles.20230120193601.0 cNUST